[Event "DRUZYNOWE MISTRZOSTWA POLSKI - II LIGA 2018"]
[Site "Jastrzebia Gora"]
[Date "1899-12-30"]
[Round "1.53"]
[White "Rozumek, Krzysztof"]
[Black "Kasperkiewicz, Pawel"]
[Result "1/2-1/2"]
[WhiteTitle "I++"]
[BlackTitle "k"]
[WhiteElo "1827"]
[BlackElo "1917"]

1. Nf3 Nf6 2. b3 d5 3. Bb2 g6 4. e3 Bg7 5. c4 O-O 6. d4 c5 7. Bd3 Nc6 8. Nbd2 cxd4
9. exd4 dxc4 10. Nxc4 Nb4 11. Bb1 Qd5 12. O-O Qh5 13. Nfe5 Qxd1 14. Rxd1 b6 15.
a3 Nbd5 16. Bd3 Bb7 17. Re1 Rfd8 18. Rad1 Rac8 19. g3 e6 20. Rc1 Ne7 21. Ne3 Nfd5
22. Rxc8 Rxc8 23. N3c4 Rd8 24. Rc1 Nf5 25. g4 Nfe7 26. Be4 Ba8 27. Rc2 Nb4 28.
Re2 Bxe4 29. Rxe4 Nbc6 30. b4 Nxe5 31. dxe5 Rd1+ 32. Kg2 Nd5 33. Rd4 Rb1 34. Rd2
Bh6 35. Rc2 Bf4 36. h3 Kf8 37. Bd4 Rd1 38. Bb2 Ke7 39. Nd6 Rd2 40. Rxd2 Bxd2 41.
Nc8+ Kd7 42. Nxa7 Nc3 43. Bxc3 Bxc3 44. f4 f5 45. exf6 Bxf6 46. Kf3 Bb2 47. a4
Bc3 48. b5 Kd6 49. Ke4 Kc5 50. Nc6 Bf6 51. g5 Bb2 52. Nd8 Kb4 53. Nxe6 Kxa4 54.
Nc7 Kb4 55. h4 Kc5 56. Ne6+ Kxb5 57. Nf8 Kc4 58. Nxh7 b5 59. Nf6 b4 60. f5 gxf5+
61. Kxf5 b3 62. g6 Bxf6 63. Kxf6 b2 64. g7 b1=Q 65. g8=Q+ Kd4 66. Qg4+ Kc3 67.
h5 Qb6+ 68. Kg7 Qc7+ 69. Kh8 Kd2 70. h6 Qe5+ 71. Kh7 Qe7+ 72. Kg6 Qe8+ 73. Kg5
Qe7+ 74. Kh5 Qf7+ 75. Kh4 Kc2 76. Kh3 Qf6 77. h7 Qh6+ 78. Qh4 Qe6+ 79. Kg2 Qd5+
80. Kf1 Qd3+ 81. Kg1 Qd1+ 82. Kg2 Qd5+ 83. Kh2 Qe5+ 84. Qg3 Qh5+ 85. Qh3 Qe5+
86. Kg1 Qd4+ 87. Kh1 Qd1+ 88. Kh2 Qd6+ 89. Kg2 Qd2+ 90. Kg1 Qd4+ 91. Kg2 Qd2+
92. Kh1 Qd1+ 93. Kh2 Qd6+ 94. Kg1 Qd4+ 1/2-1/2

[Event "DRUZYNOWE MISTRZOSTWA POLSKI - II LIGA 2018"]
[Site "Jastrzebia Gora"]
[Date "1899-12-30"]
[Round "1.54"]
[White "Bednarska-bzdega, Malgorzata"]
[Black "Kupsik, Joanna"]
[Result "1-0"]
[WhiteTitle "WFM"]
[BlackTitle "I"]
[WhiteElo "1991"]
[BlackElo "1727"]

1. e4 c5 2. Nf3 e6 3. d4 cxd4 4. Nxd4 Nc6 5. Nc3 Qc7 6. Be2 a6 7. O-O Nf6 8. Kh1
Nxd4 9. Qxd4 Bc5 10. Qd3 b5 11. f4 Bb7 12. Bf3 h5 13. e5 Ng4 14. Bxb7 Qxb7 15.
Ne4 Rc8 16. Bd2 Be7 17. b3 h4 18. Qf3 Qc6 19. c4 Nh6 20. Rac1 b4 21. Be3 Nf5 22.
Rcd1 d6 23. exd6 Bxd6 24. Nxd6+ Nxd6 25. Qxc6+ Rxc6 26. Rd3 Ke7 27. Rfd1 Rd8 28.
Bf2 Rh8 29. Rxd6 Rxd6 30. Bc5 Rhd8 31. Bxb4 a5 32. Bc5 e5 33. fxe5 1-0

[Event "DRUZYNOWE MISTRZOSTWA POLSKI - II LIGA 2018"]
[Site "Jastrzebia Gora"]
[Date "1899-12-30"]
[Round "1.55"]
[White "Dlugosz, Jedrzej"]
[Black "Brzezinski, Mateusz"]
[Result "0-1"]
[WhiteTitle "m"]
[BlackTitle "k"]
[WhiteElo "2367"]
[BlackElo "2164"]

1. e4 e6 2. d4 d5 3. Nd2 Nf6 4. e5 Nfd7 5. c3 c5 6. f4 Nc6 7. Ndf3 Qb6 8. g3 cxd4
9. cxd4 a5 10. a4 f6 11. Bh3 Bb4+ 12. Kf1 f5 13. Ne2 Ndb8 14. g4 fxg4 15. Bxg4
Na6 16. Qd3 Be7 17. Kg2 Bd7 18. Ng5 Bxg5 19. fxg5 Nab4 20. Qd1 O-O 21. Ra3 Ne7
22. Be3 Rac8 23. Nc3 Be8 24. Rf1 Bg6 25. Rxf8+ Rxf8 26. Nb5 Bc2 27. Qe2 Nf5 28.
Bf2 Qd8 29. h4 h6 30. gxh6 gxh6 31. Bxf5 Bxf5 32. Nd6 Kh7 33. Rg3 Rg8 34. Nxf5
exf5 35. e6 Nc6 36. Qb5 f4 37. Qxb7+ Kh8 38. Rxg8+ Qxg8+ 39. Kf1 Qxe6 40. Qa8+
Kg7 41. h5 Kf6 42. Qa6 Kg5 43. Qd3 Nb4 44. Qf3 Qg4 45. Qb3 Qxh5 46. Be1 Qh1+ 47.
Kf2 Nc2 48. Bxa5 Qh2+ 49. Kf1 Kg4 50. Bc7 Qh1+ 0-1

[Event "DRUZYNOWE MISTRZOSTWA POLSKI - II LIGA 2018"]
[Site "Jastrzebia Gora"]
[Date "1899-12-30"]
[Round "1.56"]
[White "Kujawski, Adam"]
[Black "Wyczling, Bartosz"]
[Result "1-0"]
[WhiteTitle "k"]
[BlackTitle "k"]
[WhiteElo "2209"]
[BlackElo "2216"]

1. e4 c5 2. Nf3 g6 3. c4 Nc6 4. d4 cxd4 5. Nxd4 Nf6 6. Nc3 Nxd4 7. Qxd4 d6 8. f3
Bg7 9. Be3 O-O 10. Qd2 Be6 11. Rc1 Qa5 12. b3 Rfc8 13. Nb5 Qxd2+ 14. Kxd2 a6 15.
Nd4 Bd7 16. Bd3 Ne8 17. a4 e5 18. Ne2 f5 19. Nc3 Nf6 20. h3 f4 21. Bf2 g5 22.
a5 Bf8 23. Nd5 Nxd5 24. exd5 Be7 25. b4 Kg7 26. Be4 h5 27. Bb6 Kf7 28. c5 Kf6
29. c6 bxc6 30. dxc6 Be6 31. Bd3 d5 32. Bc5 Bxc5 33. Rxc5 Rc7 34. Re1 Raa7 35.
Kc3 Bf7 36. b5 axb5 37. Kb4 Ke6 38. Bxb5 Kd6 39. a6 Be6 40. Rc2 Bf5 41. Rd2 Rg7
42. Bc4 Be6 43. Kb5 Ra8 44. Bxd5 Bxd5 45. Red1 Rb8+ 46. Ka5 Kxc6 47. Rxd5 Rb2
48. R1d2 Rxd2 49. Rxd2 Kc7 50. Rb2 Kc8 51. Kb6 Kb8 52. Kc6+ Ka8 53. Kd5 g4 54.
hxg4 hxg4 55. Kxe5 gxf3 56. gxf3 Ka7 57. Rb7+ Rxb7 58. axb7 Kxb7 59. Kxf4 1-0

[Event "DRUZYNOWE MISTRZOSTWA POLSKI - II LIGA 2018"]
[Site "Jastrzebia Gora"]
[Date "1899-12-30"]
[Round "1.57"]
[White "Kindler, Przemyslaw"]
[Black "Kulczyk, Pawel"]
[Result "1-0"]
[WhiteTitle "k"]
[BlackTitle "k"]
[WhiteElo "2109"]
[BlackElo "2096"]

1. e4 c5 2. Nf3 d6 3. d3 Nf6 4. g3 g6 5. Bg2 Bg7 6. O-O O-O 7. Re1 Nc6 8. c3 e5
9. Na3 a6 10. Nc2 b5 11. d4 cxd4 12. cxd4 Bb7 13. d5 Ne7 14. Bg5 h6 15. Bxf6 Bxf6
16. Ne3 Qb6 17. Rc1 Rac8 18. Qd2 Bg7 19. Bh3 Rxc1 20. Rxc1 Bc8 21. Bf1 Bd7 22.
a4 bxa4 23. Nc4 Qb8 24. Qa5 Bb5 25. Nb6 Qb7 26. Nxa4 Bxf1 27. Kxf1 Qb5+ 28. Qxb5
axb5 29. Nc3 Rb8 30. Nd2 f5 31. f3 h5 32. Ke2 Bh6 33. Rc2 Kf8 34. Nb3 Ke8 35.
Na5 Kd7 36. Kd3 Rb6 37. b4 Rb8 38. Ra2 g5 39. exf5 Nxf5 40. Nc6 Rb7 41. Ra5 g4
42. fxg4 hxg4 43. Nxb5 Ne3 44. Nc3 Nxd5 45. Nxe5+ dxe5 46. Nxd5 Bf8 47. b5 Kd6
48. Ke4 Bg7 49. b6 Kc6 50. Ra8 Rd7 51. Rc8+ Kb7 52. Rc7+ Rxc7 53. bxc7 Kc8 54.
Kf5 Kd7 55. Kxg4 Bf8 56. Kf5 Bd6 57. Ke4 Kc8 58. h4 1-0

[Event "DRUZYNOWE MISTRZOSTWA POLSKI - II LIGA 2018"]
[Site "Jastrzebia Gora"]
[Date "1899-12-30"]
[Round "1.58"]
[White "Mazalon, Mariusz"]
[Black "Piliczewski, Bogusz"]
[Result "1-0"]
[WhiteTitle "k"]
[BlackTitle "I+"]
[WhiteElo "2012"]
[BlackElo "2042"]

1. d4 d5 2. c4 c6 3. Nf3 Nf6 4. Nc3 e6 5. Qd3 Nbd7 6. g3 Bd6 7. Bg2 O-O 8. O-O
dxc4 9. Qxc4 e5 10. Bg5 exd4 11. Qxd4 Bc5 12. Qc4 h6 13. Bf4 Qe7 14. Rad1 Nb6
15. Qb3 Be6 16. Qc2 Rfd8 17. e4 Bc4 18. Rfe1 Ng4 19. Rxd8+ Rxd8 20. Nd1 Bd3 21.
Qc1 Bb4 22. Bd2 Qc5 23. Qxc5 Bxc5 24. h3 Nf6 25. Nc3 Nc4 26. e5 Nxd2 27. Nxd2
Re8 28. Nb3 Bb6 29. Na4 Nd7 30. Rd1 Bf5 31. Nxb6 Nxb6 32. Nc5 Bc8 33. f4 Nc4 34.
Kf2 g6 35. b3 Na3 36. Ne4 Rf8 37. Nd6 Rd8 38. Rc1 a6 39. Ke3 Nb5 40. Nxc8 Rxc8
41. Rd1 Rc7 42. a4 Na7 43. Rd8+ Kg7 44. a5 Nb5 45. Bf1 c5 46. Bc4 Nd4 47. Bd5
Nf5+ 48. Kf3 Ne7 49. Ke4 Nc6 50. Bxc6 bxc6 51. Rb8 Rd7 52. Rb6 Rd4+ 53. Ke3 Rd1
54. Rxa6 Rg1 55. Kf2 Ra1 56. g4 Ra3 57. f5 gxf5 58. gxf5 Rxb3 59. Rxc6 Rb5 60.
a6 Ra5 61. Ke3 c4 62. Kd4 c3 63. Kxc3 Rxe5 64. f6+ Kg6 65. Kb4 Re4+ 66. Kb5 Re8
67. a7 Kg5 68. Kb6 Ra8 69. Kb7 Rxa7+ 70. Kxa7 Kh4 71. Rc7 Kxh3 72. Rxf7 1-0

[Event "DRUZYNOWE MISTRZOSTWA POLSKI - II LIGA 2018"]
[Site "Jastrzebia Gora"]
[Date "1899-12-30"]
[Round "1.59"]
[White "Putlak, Wojciech"]
[Black "Skowronski, Piotr"]
[Result "1-0"]
[WhiteTitle "I++"]
[BlackTitle "I+"]
[WhiteElo "2017"]
[BlackElo "2025"]

1. d4 d5 2. Nf3 c6 3. Bf4 Bf5 4. e3 Nf6 5. Bd3 Bg6 6. O-O Nh5 7. Bg5 Nd7 8. Ne5
Nxe5 9. dxe5 Bxd3 10. cxd3 g6 11. d4 Ng7 12. Bh6 Nf5 13. Bxf8 Kxf8 14. Nc3 e6
15. Ne2 h5 16. Ng3 h4 17. Nxf5 gxf5 18. f4 Ke7 19. Qd2 Qb6 20. Rac1 a5 21. Rc3
Rhg8 22. Rb3 Qa6 23. Qc2 h3 24. g3 Rac8 25. Qc5+ Ke8 26. Kf2 Rc7 27. Rc1 Kd7 28.
a4 Kc8 29. Rcc3 Rd8 30. Rb6 Qa8 31. b4 axb4 32. Qxb4 Kd7 33. Rb3 Ke8 34. a5 Rcd7
35. Ra3 Rc7 36. a6 bxa6 37. Raxa6 Qc8 38. Qc5 Kd7 39. Kf3 Ke8 40. Rxc6 Rxc6 41.
Rxc6 Qb8 42. Rc7 1-0

[Event "DRUZYNOWE MISTRZOSTWA POLSKI - II LIGA 2018"]
[Site "Jastrzebia Gora"]
[Date "1899-12-30"]
[Round "1.60"]
[White "Mackiewicz, Anna"]
[Black "Kindler, Karolina"]
[Result "1-0"]
[WhiteTitle "k+"]
[BlackTitle "I++"]
[WhiteElo "1850"]
[BlackElo "1632"]

1. b3 e5 2. Bb2 d6 3. d4 Nc6 4. Nf3 Qe7 5. dxe5 Nxe5 6. Nxe5 dxe5 7. Ba3 Qd7 8.
Qc1 Bxa3 9. Nxa3 b6 10. Qe3 f6 11. Qf3 Rb8 12. Rd1 Qe7 13. Qc6+ Kf8 14. Nb5 Rb7
15. e3 Qe8 16. Qc3 Bf5 17. e4 Bg6 18. Nxc7 Qc8 19. Rd8+ Qxd8 20. Ne6+ Ke7 21.
Nxd8 Kxd8 22. Ba6 Rc7 23. Qb4 Rd7 24. Bb5 Re7 25. Qd6+ Kc8 26. Ba6+ 1-0

[Event "DRUZYNOWE MISTRZOSTWA POLSKI - II LIGA 2018"]
[Site "Jastrzebia Gora"]
[Date "1899-12-30"]
[Round "1.61"]
[White "Kosiorek, Marek"]
[Black "Sapis, Witalis"]
[Result "1/2-1/2"]
[WhiteTitle "m"]
[BlackTitle "IM"]
[WhiteElo "2307"]
[BlackElo "2369"]

1. c4 c6 2. Nf3 d5 3. b3 Nf6 4. Bb2 Bg4 5. e3 e6 6. Be2 Nbd7 7. O-O Bd6 8. Nc3
O-O 9. h3 Bh5 10. Qc2 Bg6 11. d3 h6 12. Rad1 Qe7 13. Rfe1 a6 14. e4 dxe4 15. dxe4
Rfd8 16. Bf1 Ne5 17. Nd4 c5 18. Nde2 Nc6 19. g3 e5 20. Bg2 Nd4 21. Qc1 Bh5 22.
g4 Bg6 23. Ng3 Ne6 24. Nce2 Bc7 25. Nf5 Qf8 26. Rxd8 Rxd8 27. Rd1 Rxd1+ 28. Qxd1
Qd8 29. Qxd8+ Nxd8 30. Nc1 Ne6 31. Nd3 Nd7 32. Bc3 f6 33. Kf1 Kf7 34. Bf3 Ng5
35. Bg2 h5 36. Ke2 hxg4 37. hxg4 Bh7 38. Bd2 Ne6 39. Bc3 Ng5 40. Bd2 Ne6 41. Ne3
Nd4+ 42. Kd1 g5 43. Nd5 Bd8 44. Bc3 Nc6 45. a3 a5 46. Kd2 Ke6 47. b4 axb4 48.
axb4 cxb4 49. N3xb4 1/2-1/2

[Event "DRUZYNOWE MISTRZOSTWA POLSKI - II LIGA 2018"]
[Site "Jastrzebia Gora"]
[Date "1899-12-30"]
[Round "1.62"]
[White "Karwowski, Kacper"]
[Black "Myc, Marcin"]
[Result "0-1"]
[WhiteTitle "k"]
[BlackTitle "m"]
[WhiteElo "2164"]
[BlackElo "2267"]

1. e4 c6 2. d4 d5 3. exd5 cxd5 4. c4 Nf6 5. Nc3 g6 6. Qb3 Bg7 7. cxd5 O-O 8. Be2
Na6 9. Bf3 Qb6 10. Qxb6 axb6 11. Nge2 Nb4 12. O-O Rd8 13. d6 Rxd6 14. Bf4 Rd7
15. Be5 Nfd5 16. a3 Nxc3 17. bxc3 Nc6 18. Bf4 e5 19. Bxc6 bxc6 20. dxe5 Ba6 21.
Rfe1 Bxe2 22. Rxe2 Rxa3 23. Ree1 Rxa1 24. Rxa1 g5 25. Bxg5 Bxe5 26. Kf1 b5 27.
Ra8+ Kg7 28. Rc8 Rc7 29. Rxc7 Bxc7 30. Ke2 Kg6 31. Be3 Kf5 32. h3 Ke4 33. g4 Bf4
34. f3+ Ke5 35. Bd4+ Kd5 36. Kd3 c5 37. Bg7 Bd6 38. h4 Be5 39. Bf8 Bd6 40. Bxd6
Kxd6 41. f4 b4 42. h5 bxc3 43. Kxc3 Kd5 44. Kd3 c4+ 45. Ke3 c3 46. h6 c2 47. Kd2
Ke4 48. Kxc2 Kxf4 0-1

[Event "DRUZYNOWE MISTRZOSTWA POLSKI - II LIGA 2018"]
[Site "Jastrzebia Gora"]
[Date "1899-12-30"]
[Round "1.63"]
[White "Czapla, Andrzej"]
[Black "Rudnicki, Milosz"]
[Result "0-1"]
[WhiteTitle "I"]
[BlackTitle "k"]
[WhiteElo "1987"]
[BlackElo "2184"]

1. Nf3 d5 2. c4 c6 3. d4 e6 4. cxd5 exd5 5. Nc3 Bd6 6. Bg5 f6 7. Bh4 Ne7 8. Bg3
Bg4 9. e3 Bb4 10. a3 Bxc3+ 11. bxc3 Qa5 12. Qb3 Nd7 13. Bd3 Bf5 14. Bxf5 Nxf5
15. O-O Nxg3 16. hxg3 Nb6 17. e4 Qa4 18. Qxa4 Nxa4 19. exd5 cxd5 20. Rfe1+ Kd7
21. Rab1 b6 22. c4 dxc4 23. Rb4 Nc3 24. Rxc4 Rac8 25. Rxc8 Rxc8 26. Kf1 Nd5 27.
Ra1 Rc2 28. Ke1 Kc6 29. Nd2 Nc3 30. Nb3 Kd5 31. Rc1 Rxc1+ 32. Nxc1 Kxd4 33. Nb3+
Kd3 34. f3 a5 35. Nd2 Nb5 0-1

[Event "DRUZYNOWE MISTRZOSTWA POLSKI - II LIGA 2018"]
[Site "Jastrzebia Gora"]
[Date "1899-12-30"]
[Round "1.64"]
[White "Wacior, Maciej"]
[Black "Lukasik, Adam"]
[Result "1-0"]
[WhiteTitle "k"]
[BlackTitle "I"]
[WhiteElo "2099"]
[BlackElo "1985"]

1. d4 d6 2. Bf4 Nf6 3. Nf3 g6 4. h3 Bg7 5. e3 O-O 6. Bc4 Nbd7 7. O-O c5 8. c3 a6
9. a4 b6 10. Nbd2 Bb7 11. Bh2 h6 12. Nh4 d5 13. Bb3 Re8 14. f4 e6 15. Qe1 Ne4
16. Nxe4 dxe4 17. g4 b5 18. f5 exf5 19. gxf5 c4 20. fxg6 fxg6 21. Bd1 Kh7 22.
Qg3 Nf8 23. Rxf8 Rxf8 24. Qxg6+ Kh8 25. Be5 Bxe5 26. Qxh6+ Kg8 27. dxe5 Rf7 28.
Bg4 Rh7 29. Be6+ 1-0

[Event "DRUZYNOWE MISTRZOSTWA POLSKI - II LIGA 2018"]
[Site "Jastrzebia Gora"]
[Date "1899-12-30"]
[Round "1.65"]
[White "Kurpiewski, Slawomir"]
[Black "Kowalski, Maciej"]
[Result "0-1"]
[WhiteTitle "k"]
[BlackTitle "k"]
[WhiteElo "1997"]
[BlackElo "2071"]

1. f4 d5 2. Nf3 Nf6 3. g3 g6 4. Bg2 Bg7 5. O-O O-O 6. d3 c6 7. c3 Nbd7 8. Kh1 a5
9. Nh4 b6 10. f5 Nc5 11. Na3 e6 12. fxg6 fxg6 13. Bg5 Qe8 14. Qc1 Ra7 15. Nc2
e5 16. h3 Nh5 17. Kh2 Raf7 18. Qd2 Qd7 19. Rxf7 Rxf7 20. Rf1 Rxf1 21. Bxf1 Qd6
22. Qe1 h6 23. Bc1 g5 24. Ng2 e4 25. d4 Nb7 26. Qf2 Bf8 27. b3 Qc7 28. Bd2 Bd6
29. Nf4 gxf4 30. gxf4 Bxf4+ 31. Bxf4 Qxf4+ 32. Qxf4 Nxf4 33. Kg3 Ng6 34. h4 Nd6
35. h5 Nf5+ 36. Kf2 Nf4 37. e3 Nxh5 38. c4 Nf6 0-1

[Event "DRUZYNOWE MISTRZOSTWA POLSKI - II LIGA 2018"]
[Site "Jastrzebia Gora"]
[Date "1899-12-30"]
[Round "1.66"]
[White "Gosciniak, Maria"]
[Black "Waszczuk, Patrycja"]
[Result "0-1"]
[WhiteTitle "WFM"]
[BlackTitle "k"]
[WhiteElo "2093"]
[BlackElo "1983"]

1. d4 Nf6 2. Nc3 d5 3. Bf4 Bf5 4. Nb5 Na6 5. a3 c6 6. Nc3 e6 7. f3 Bd6 8. e3 Bxf4
9. exf4 Nb8 10. g4 Bg6 11. h4 h5 12. g5 Ng8 13. Bd3 Bxd3 14. Qxd3 Ne7 15. Nge2
Qc7 16. Nd1 Nd7 17. Ne3 g6 18. Kf2 c5 19. c3 c4 20. Qc2 O-O 21. Rhg1 Nf5 22. Nxf5
exf5 23. Qd2 Rfe8 24. Ng3 Nf8 25. Rae1 Re6 26. Kg2 Rae8 27. Kf2 Qb6 28. Rgf1 Qc7
29. Rh1 Qb6 30. Re5 Rxe5 31. fxe5 Rxe5 32. Re1 Rxe1 33. Kxe1 Qd6 34. f4 Ne6 35.
Ne2 b5 36. Qe3 Kf8 37. Kf2 Ke7 38. Kf3 Kd7 39. Qe5 Qxe5 40. dxe5 Kc6 41. Ke3 Kc5
42. Ng3 d4+ 43. cxd4+ Nxd4 44. Nf1 Nb3 45. Ng3 Nd4 46. Nf1 Ne6 47. Ng3 a5 48.
Ne2 b4 49. a4 Kd5 50. Nc1 Nc5 0-1

[Event "DRUZYNOWE MISTRZOSTWA POLSKI - II LIGA 2018"]
[Site "Jastrzebia Gora"]
[Date "1899-12-30"]
[Round "1.67"]
[White "Krzywda, Andrzej"]
[Black "Kozak, Antoni"]
[Result "1/2-1/2"]
[WhiteTitle "CM"]
[BlackTitle "k"]
[WhiteElo "2232"]
[BlackElo "2231"]

1. e4 c5 2. Nf3 e6 3. d4 cxd4 4. Nxd4 Nc6 5. Nc3 d6 6. g3 Nf6 7. Bg2 Qc7 8. O-O
Be7 9. Be3 a6 10. a4 O-O 11. f4 Nxd4 12. Qxd4 Ng4 13. Kh1 Bf6 14. e5 Nxe3 15.
exf6 Nxc2 16. Qd2 Nxa1 17. f5 gxf6 18. Qh6 d5 19. Rf4 exf5 20. Rh4 Rd8 21. Nxd5
Rxd5 22. Bxd5 Be6 23. Qxh7+ Kf8 24. Bxe6 Qc6+ 25. Kg1 Qxe6 26. Qh8+ Ke7 27. Qxa8
Qe1+ 28. Kg2 Qe2+ 29. Kg1 Qe1+ 30. Kg2 Qe2+ 31. Kg1 Qe1+ 32. Kg2 Qe2+ 1/2-1/2

[Event "DRUZYNOWE MISTRZOSTWA POLSKI - II LIGA 2018"]
[Site "Jastrzebia Gora"]
[Date "1899-12-30"]
[Round "1.68"]
[White "Sendera, Jaroslaw"]
[Black "Szymanski, Piotr"]
[Result "1/2-1/2"]
[WhiteTitle "FM"]
[BlackTitle "CM"]
[WhiteElo "2269"]
[BlackElo "2242"]

1. e4 d5 2. exd5 Qxd5 3. Nc3 Qd8 4. d4 Nf6 5. Nf3 Bg4 6. Be2 e6 7. O-O Be7 8. Be3
O-O 9. Ne5 Bxe2 10. Qxe2 Nbd7 11. Rad1 c6 12. Bc1 Qc7 13. Rfe1 Rad8 14. Rd3 c5
15. Bf4 Qc8 16. d5 exd5 17. Nxd5 Nxd5 18. Rxd5 Nxe5 19. Rxd8 Rxd8 20. Bxe5 Bf8
21. Bc3 Qf5 22. g3 Qd5 23. b3 h6 24. a4 Qf5 25. Kg2 Qd5+ 26. Qf3 Qxf3+ 27. Kxf3
f6 28. g4 Kf7 29. Re2 Rd7 30. Rd2 Rxd2 31. Bxd2 Ke6 32. Ke4 g6 33. c4 b6 34. Bf4
f5+ 35. gxf5+ gxf5+ 36. Kf3 Bd6 37. Bxh6 Bxh2 38. Bg7 Be5 1/2-1/2

[Event "DRUZYNOWE MISTRZOSTWA POLSKI - II LIGA 2018"]
[Site "Jastrzebia Gora"]
[Date "1899-12-30"]
[Round "1.69"]
[White "Zgadzaj, Rafal"]
[Black "Mika, Tomasz"]
[Result "0-1"]
[WhiteTitle "k"]
[BlackTitle "I++"]
[WhiteElo "2154"]
[BlackElo "2141"]

1. c4 e5 2. g3 Nc6 3. Bg2 Nf6 4. Nc3 Bc5 5. e3 d5 6. Nxd5 Nxd5 7. cxd5 Nb4 8. Qb3
c6 9. dxc6 bxc6 10. Ne2 Ba6 11. d4 Nd3+ 12. Kf1 Qf6 13. f4 exd4 14. exd4 Bb6 15.
Be4 Nxc1 16. Rxc1 Qxd4 17. Bxc6+ Kf8 18. Qa3+ Kg8 19. Qf3 Qxb2 20. Bb5 Qxc1+ 21.
Nxc1 Bxb5+ 22. Kg2 Rc8 23. Re1 h5 24. Qb3 Bc4 25. Qd1 Rd8 26. Qc2 Bd5+ 27. Kh3
Bf3 28. Nd3 Bg4+ 29. Kg2 Bf5 30. Rd1 Rh6 31. Qb3 Be4+ 32. Kh3 Rhd6 33. Nb2 Rd2
34. Rxd2 Rxd2 35. Qb5 Bg2+ 36. Kh4 Bd8+ 37. Kxh5 Bf3+ 0-1

[Event "DRUZYNOWE MISTRZOSTWA POLSKI - II LIGA 2018"]
[Site "Jastrzebia Gora"]
[Date "1899-12-30"]
[Round "1.70"]
[White "Walentukiewicz, Michal"]
[Black "Malecki, Rafal"]
[Result "1-0"]
[WhiteTitle "CM"]
[BlackTitle "k+"]
[WhiteElo "2064"]
[BlackElo "2030"]

1. g3 Nf6 2. Bg2 g6 3. e4 d6 4. d4 Bg7 5. Nc3 O-O 6. Nge2 e5 7. O-O Nc6 8. d5 Ne7
9. a4 Nh5 10. a5 h6 11. Ra4 Bd7 12. Rc4 a6 13. Rb4 b5 14. axb6 cxb6 15. Be3 b5
16. Qd2 a5 17. Rxb5 Bxb5 18. Nxb5 Qb8 19. c4 Rc8 20. Qd3 f5 21. Nec3 f4 22. Bd2
g5 23. Bh3 Rf8 24. c5 dxc5 25. d6 Ng6 26. Nc7 Ra7 27. N3b5 Rb7 28. Bxa5 Nf6 29.
Bf5 Nh8 30. Qc4+ Nf7 31. d7 Kh8 32. Na6 Qa8 33. Nbc7 Rxc7 34. Bxc7 Qc6 35. Qxf7
Rxf7 36. d8=Q+ Rf8 37. Qd6 Qb5 38. Nxc5 Ra8 39. Rd1 f3 40. Bb8 Rxb8 41. Ne6 Ne8
42. Qe7 Qe2 43. Rf1 Qxb2 44. Nf8 Qe2 45. Ng6+ Kh7 46. Nf4+ Kh8 47. Ng6+ Kg8 48.
Qe6+ 1-0

[Event "DRUZYNOWE MISTRZOSTWA POLSKI - II LIGA 2018"]
[Site "Jastrzebia Gora"]
[Date "1899-12-30"]
[Round "1.71"]
[White "Szajda, Marcin"]
[Black "Sondej, Dominik"]
[Result "1/2-1/2"]
[WhiteTitle "I++"]
[BlackTitle "I"]
[WhiteElo "1995"]
[BlackElo "1875"]

1. e4 d6 2. d4 Nf6 3. Nc3 g6 4. f4 Bg7 5. Nf3 O-O 6. Be2 c5 7. d5 e6 8. dxe6 fxe6
9. O-O Nc6 10. Bc4 Kh8 11. a3 a6 12. a4 Nb4 13. e5 dxe5 14. Qxd8 Rxd8 15. Nxe5
Rf8 16. Rf2 Nfd5 17. Bb3 Nxc3 18. bxc3 Nc6 19. Re2 Nxe5 20. fxe5 Rf5 21. Bd2 Bd7
22. Rae1 b5 23. axb5 axb5 24. c4 b4 25. c3 bxc3 26. Bxc3 Ra3 27. Bc2 Rf8 28. Re3
Bc8 29. Bb2 Rxe3 30. Rxe3 Ba6 31. Bb3 Rd8 32. Kf2 Bh6 33. Re2 Rb8 34. Ba2 Rd8
35. Ba3 Bf8 36. g3 Rd3 37. Re3 Rd2+ 38. Re2 Rd3 39. Re3 Rd2+ 40. Re2 Rd3 41. Bc1
Rd4 1/2-1/2

[Event "DRUZYNOWE MISTRZOSTWA POLSKI - II LIGA 2018"]
[Site "Jastrzebia Gora"]
[Date "1899-12-30"]
[Round "1.72"]
[White "Cyboran, Katarzyna"]
[Black "Chmiel, Dominika"]
[Result "0-1"]
[WhiteTitle "I++"]
[BlackTitle "m"]
[WhiteElo "1825"]
[BlackElo "2098"]

1. e4 e5 2. d4 exd4 3. Qxd4 Nc6 4. Qe3 Nf6 5. Nc3 Bb4 6. Bd2 d6 7. O-O-O O-O 8.
Bc4 Qe7 9. f3 a5 10. Bb5 Bc5 11. Qg5 Nd4 12. Nge2 Ne6 13. Qh4 c6 14. Bd3 b5 15.
Ng3 Nd5 16. Qxe7 Nxe7 17. Nf5 Ng6 18. Ne2 Nc7 19. Bc3 Bxf5 20. exf5 Be3+ 21. Kb1
Nf4 22. Nxf4 Bxf4 23. g3 Be3 24. Rhe1 Bc5 25. Bf1 Nd5 26. Bd4 Bxd4 27. Rxd4 Rfe8
28. Rde4 Nf6 29. R4e2 Kf8 30. Kc1 Nd7 31. f4 Rxe2 32. Rxe2 Re8 33. Kd2 Rxe2+ 34.
Bxe2 Ke7 35. Bf3 d5 36. Kc3 Kd6 37. Bh5 f6 38. Bf3 Nc5 39. Bg2 Na4+ 40. Kb3 Kc5
41. c3 Nb6 42. Kc2 Nc4 43. Bh3 b4 44. cxb4+ axb4 45. b3 Ne3+ 46. Kd3 d4 47. Kd2
Kd5 48. Kd3 h5 49. Kd2 Ke4 50. Ke2 d3+ 51. Kd2 Kd4 0-1

[Event "DRUZYNOWE MISTRZOSTWA POLSKI - II LIGA 2018"]
[Site "Jastrzebia Gora"]
[Date "1899-12-30"]
[Round "1.73"]
[White "Borawski, Jakub"]
[Black "Bednarek, Sylwester"]
[Result "1-0"]
[WhiteTitle "k"]
[BlackTitle "FM"]
[WhiteElo "2150"]
[BlackElo "2336"]

1. f4 g6 2. Nf3 Bg7 3. d4 c5 4. e3 Nf6 5. Bd3 O-O 6. O-O Nc6 7. b3 cxd4 8. exd4
Qb6 9. c3 d6 10. Nbd2 Nd5 11. Nc4 Qc7 12. Bd2 b5 13. Ne3 Nxf4 14. Bxb5 Rb8 15.
Bc4 e6 16. Rf2 d5 17. Bf1 f5 18. Nc2 Nh5 19. Ng5 h6 20. Nh3 Qf7 21. Bd3 Rb6 22.
g4 Nf6 23. g5 hxg5 24. Nxg5 Qe7 25. Bf4 Ne4 26. Bxe4 fxe4 27. h4 Rd8 28. Be3 Bf6
29. Qf1 Rf8 30. Qg2 e5 1-0

[Event "DRUZYNOWE MISTRZOSTWA POLSKI - II LIGA 2018"]
[Site "Jastrzebia Gora"]
[Date "1899-12-30"]
[Round "1.74"]
[White "Tomczak, Rafal"]
[Black "Daniel, Damian"]
[Result "0-1"]
[WhiteTitle "FM"]
[BlackTitle "k"]
[WhiteElo "2361"]
[BlackElo "2174"]

1. e4 c6 2. d4 d5 3. Nc3 dxe4 4. Nxe4 Nd7 5. Nf3 Ngf6 6. Ng3 e6 7. Bd3 Bd6 8. Qe2
O-O 9. O-O c5 10. c3 Re8 11. Ne4 Nxe4 12. Qxe4 Nf8 13. Ne5 Qc7 14. f4 Bd7 15.
Kh1 cxd4 16. cxd4 Rec8 17. Bd2 Bc6 18. Qe2 Bd5 19. Qh5 g6 20. Qh3 f5 21. Bc3 Qg7
22. Qe3 Nd7 23. Be2 Nf6 24. Bf3 Bxf3 25. Nxf3 Qd7 26. Rae1 Re8 27. Ne5 Bxe5 28.
Qxe5 Nd5 29. Rf3 Rac8 30. h4 Qc7 31. h5 Qxe5 32. Rxe5 Kf7 33. Kg1 Rc4 34. Re2
Rec8 35. hxg6+ hxg6 36. Rc2 b5 37. a3 a5 38. Rcf2 b4 39. axb4 axb4 40. Bd2 Rxd4
41. b3 Rc2 42. Be1 Rxf2 43. Bxf2 Rxf4 44. Rh3 g5 45. Rh6 Re4 46. Rh7+ Kg6 47.
Rh8 f4 48. Kf1 Kf5 49. Bc5 Ne3+ 50. Kf2 Re5 51. Bb6 Nc2 52. Rc8 Na1 53. Bd4 Ra5
54. Rc5+ Rxc5 55. Bxc5 Nc2 56. Ke2 Ke4 57. Kd2 Nd4 58. Bxb4 Nxb3+ 59. Ke2 Nc1+
60. Kd2 Nd3 61. Be7 g4 62. Ke2 Ne5 63. Kf2 Nc6 64. Bd6 Nd4 65. Bc7 g3+ 66. Kf1
Nf5 67. Bb8 Ne3+ 68. Kg1 Ng4 69. Kf1 e5 70. Ke2 Ne3 0-1

[Event "DRUZYNOWE MISTRZOSTWA POLSKI - II LIGA 2018"]
[Site "Jastrzebia Gora"]
[Date "1899-12-30"]
[Round "1.75"]
[White "Szmyd, Marek"]
[Black "Lisowski, Krzysztof"]
[Result "0-1"]
[WhiteTitle "k"]
[BlackTitle "k"]
[WhiteElo "1921"]
[BlackElo "2061"]

1. b3 d5 2. Bb2 c5 3. e3 Nf6 4. f4 Nc6 5. Nf3 e6 6. Ne5 Nxe5 7. fxe5 Nd7 8. Qg4
g6 9. d4 Bh6 10. Qg3 Qg5 11. Qxg5 Bxg5 12. dxc5 Nxc5 13. Bd4 b6 14. Bb5+ Bd7 15.
Bxd7+ Nxd7 16. Nd2 Rc8 17. c4 O-O 18. Ke2 f6 19. cxd5 fxe5 20. dxe6 exd4 21. exd7
Rc3 22. Nf3 Bxe3 23. Rhd1 Rc2+ 24. Kd3 Rc7 25. Nxd4 Bg5 26. Nf3 Rxd7+ 27. Ke2
Re7+ 28. Kf2 Be3+ 29. Kg3 g5 30. Rd5 Rg7 31. h3 h5 32. Kh2 g4 33. Nh4 Bg5 34.
Nf5 Rgf7 35. Nd4 Bf4+ 36. g3 Be3 37. Ne6 Re8 38. Nf4 Bxf4 39. gxf4 Re2+ 40. Kg3
Re3+ 41. Kh4 Rxh3+ 42. Kg5 g3 43. Kh6 Rxf4 44. Rd7 Rf6+ 45. Kg5 Rf7 46. Rd8+ Kg7
47. Rg1 h4 48. Rd2 Rh2 49. Rxh2 gxh2 50. Rh1 Rf2 51. a4 Kf7 52. b4 Ke6 0-1

[Event "DRUZYNOWE MISTRZOSTWA POLSKI - II LIGA 2018"]
[Site "Jastrzebia Gora"]
[Date "1899-12-30"]
[Round "1.76"]
[White "Migala, Andrzej"]
[Black "Zminda, Bogdan"]
[Result "1-0"]
[WhiteTitle "k"]
[BlackTitle "k"]
[WhiteElo "2015"]
[BlackElo "1982"]

1. e4 c5 2. Nc3 Nc6 3. Bb5 g6 4. Bxc6 dxc6 5. d3 Bg7 6. Be3 b6 7. Qd2 e5 8. h3
Be6 9. Nge2 Ne7 10. Bh6 Bf6 11. O-O-O Qd6 12. f4 exf4 13. Bxf4 Be5 14. Rhf1 O-O
15. Bxe5 Qxe5 16. Qf4 f6 17. Qxe5 fxe5 18. Ng1 g5 19. Nf3 g4 20. Nxe5 gxh3 21.
gxh3 Bxh3 22. Rh1 Be6 23. Rh6 Bf7 24. Rdh1 Bg6 25. Nxg6 hxg6 26. Rh7 Rae8 27.
Kd2 Rf2+ 28. Ke3 Rff8 29. Kd2 Rf2+ 30. Ne2 Rff8 31. a4 b5 32. a5 a6 33. Nf4 c4
34. Ne6 1-0